Launch of marine body a "defining moment" for our seas (Record no. 82440)
[ view plain ]
| 000 -LEADER | |
|---|---|
| fixed length control field | 01247cab a22002055a 4500 |
| 001 - CONTROL NUMBER | |
| control field | L150284 |
| 008 - FIXED-LENGTH DATA ELEMENTS--GENERAL INFORMATION | |
| fixed length control field | 100618e2010 xxk 000 0 eng d |
| 035 ## - SYSTEM CONTROL NUMBER | |
| System control number | (Sirsi) u150284 |
| 041 0# - LANGUAGE CODE | |
| Language code of text/sound track or separate title | eng |
| 110 2# - MAIN ENTRY--CORPORATE NAME | |
| Corporate name or jurisdiction name as entry element | Marine Management Organisation |
| 9 (RLIN) | 5862 |
| 245 00 - TITLE STATEMENT | |
| Title | Launch of marine body a "defining moment" for our seas |
| Medium | [electronic resource] |
| 260 ## - PUBLICATION, DISTRIBUTION, ETC. | |
| Date of publication, distribution, etc. | 2010 |
| 490 ## - SERIES STATEMENT | |
| Series statement | Marine Management Organisation |
| Volume/sequential designation | (07/10) 15 June 2010 |
| 520 ## - SUMMARY, ETC. | |
| Summary, etc. | National launch of Marine Management Organisation(MMO) which has been operating since April 2010. The new executive non-departmental public body was established under the Marine and Coastal Access Act 2009 and brings together key marine decision making powers. The MMO's role will include being the national champion of sustainable development in our marine and coastal area, implementing a new marine planning system and streamlining the management and regulation of England's fisheries. |
| 590 ## - LOCAL NOTE (RLIN) | |
| Local note | KA NTK |
| 650 24 - SUBJECT ADDED ENTRY--TOPICAL TERM | |
| Topical term or geographic name entry element | MARINE AND COASTAL ACCESS ACT 2009 |
| 690 ## - LOCAL SUBJECT ADDED ENTRY--TOPICAL TERM (OCLC, RLIN) | |
| Topical term or geographic name as entry element | PROPERTY-RURAL AND NATURAL ASSETS-MARINE RESOURCES-MARINE RESOURCE MANAGEMENT |
| 856 40 - ELECTRONIC LOCATION AND ACCESS | |
| Uniform Resource Identifier | <a href="https://www.marinemanagement.org.uk/news/press/100615.htm">https://www.marinemanagement.org.uk/news/press/100615.htm</a> |
| Public note | View the response free of charge at www.marinemanagement.org.uk |
| 942 ## - ADDED ENTRY ELEMENTS (KOHA) | |
| Suppress in OPAC | 0 |
| Withdrawn status | Lost status | Source of classification or shelving scheme | Damaged status | Not for loan | Home library | Current library | Shelving location | Date acquired | Total Checkouts | Full call number | Barcode | Date last seen | Copy number | Price effective from | Koha item type |
|---|---|---|---|---|---|---|---|---|---|---|---|---|---|---|---|
| Dewey Decimal Classification | Virtual | Virtual | Online | 18/06/2010 | ONLINE PUBLICATION | 150284-2001 | 06/08/2019 | 1 | 06/08/2019 | Journal article |